| 000 | 00369 a2200133 4500 | ||
|---|---|---|---|
| 005 | 20250609105758.0 | ||
| 020 | _a9966-28-922-4 | ||
| 082 | _aLECT 658.4 SAL | ||
| 100 | _aSALEEMI, N. A. | ||
| 245 | _aPrinciples and Practice of Management: Simplified. | ||
| 260 |
_aNairobi, _bSaleemi, _c2006. |
||
| 300 |
_avi, 578p.: ill.; chart, figure, table _c21cm. |
||
| 942 |
_2ddc _cBKS |
||
| 999 |
_c3493 _d3493 |
||